• 首页
  • 本馆介绍
  • 公告通知
  • 最新文献
  • 馆藏检索
  • 电子资源
  • 读者导购
  • 参考咨询
  • 我的图书馆
  • 登录
  • 详细信息显示
  • 放入我的书架
  • 预约/预借图书
  • 作者相关作品
  • 分类相关作品
  • 丛书相关作品
  • 出版社相关作品

书目信息

  • 表格格式
  • 工作单格式
  • 卡片格式
题名:
制冷工艺设计
    
 
作者: 李建华 主编
分册:  
出版信息: 北京   机械工业出版社  2016.03
页数: 268页
开本: 26cm
丛书名:
单 册:
中图分类: TB657
科图分类:
主题词: 制冷工程--设计--高等职业教育--教材
电子资源:
ISBN: 978-7-111-52799-2
000 01248nam0 2200265 450
001 0120161799288
005 20170418153658.34
010    @a978-7-111-52799-2@dCNY38.00
100    @a20160318d2016 em y0chiy50 ea
101 0  @achi
102    @aCN@b110000
105    @aak z 000yy
106    @ar
200 1  @a制冷工艺设计@9zhi leng gong yi she ji@f李建华主编
205    @a3版
210    @a北京@c机械工业出版社@d2016.03
215    @a268页@c图@d26cm
300    @a“十二五”职业教育国家规划教材 普通高等教育“十一五”国家级规划教材 高等职业教育规划教材 制冷与空调/制冷与冷藏专业
330    @a本书针对冷库制冷装置及其他制冷装置,系统地阐述制冷工艺设计的基本知识和方法,重点介绍制冷系统的方案确定、制冷负荷计算、机器设备选型与布置、管道设计、制冷工艺施工图的阅读与绘制等内容;结合新版《冷库设计规范》、《气调冷藏库设计规范》的实施,修订、补充了工业金属管道设计要求、氢氟烃类制冷系统、气调库设计相关内容。作为新技术、新产品、新工艺在制冷装置中的应用,书中还介绍了多机头并联压缩机组、翅片铝排管、CO2/NH3及CO2/R507复叠式制冷系统等新内容。
333    @a高职
606 0  @a制冷工程@x设计@x高等职业教育@j教材
690    @aTB657@v5
701  0 @a李建华@9li jian hua@4主编
801  0 @aCN@b人天书店@c20160318
905    @b986640-43@dTB657@e374=3@f4
    
    制冷工艺设计/李建华主编.-3版.-北京:机械工业出版社,2016.03
    268页:图;26cm
    “十二五”职业教育国家规划教材 普通高等教育“十一五”国家级规划教材 高等职业教育规划教材 制冷与空调/制冷与冷藏专业.-使用对象:高职
    
    ISBN 978-7-111-52799-2:CNY38.00
    本书针对冷库制冷装置及其他制冷装置,系统地阐述制冷工艺设计的基本知识和方法,重点介绍制冷系统的方案确定、制冷负荷计算、机器设备选型与布置、管道设计、制冷工艺施工图的阅读与绘制等内容;结合新版《冷库设计规范》、《气调冷藏库设计规范》的实施,修订、补充了工业金属管道设计要求、氢氟烃类制冷系统、气调库设计相关内容。作为新技术、新产品、新工艺在制冷装置中的应用,书中还介绍了多机头并联压缩机组、翅片铝排管、CO2/NH3及CO2/R507复叠式制冷系统等新内容。
●
相关链接 在E读中查询图书 在五车中查询图书 在当当中查询图书 在豆瓣中查询图书


正题名:制冷工艺设计     索取号:TB657/374=3         预约/预借

序号 登录号 条形码 馆藏地/架位号 状态 备注
1 986640   209866402   第二样本阅览室/ [索取号:TB657/374=3] 在馆    
2 986641   209866411   第三借阅区/ [索取号:TB657/374=3] 在馆    
3 986642   209866420   第三借阅区/ [索取号:TB657/374=3] 在馆    
4 986643   209866439   密集书库-化学系/ [索取号:TB657/374=3] 在馆    
唐山师范学院图书馆 欢迎您!
大连网信软件有限公司© 版权所有